| 000 | 00431nam a2200169Ia 4500 | ||
|---|---|---|---|
| 999 |
_c2800 _d2800 |
||
| 003 | GBCCL | ||
| 005 | 20241126110440.0 | ||
| 008 | 170921b xxu||||| |||| 00| 0 eng d | ||
| 040 | _cgbc | ||
| 082 |
_a241.6976 _bPOW |
||
| 100 |
_aPowell, John _95898 |
||
| 245 |
_aAbortion : _bthe silent holocaust |
||
| 260 |
_bArgus communications, _aTexas : _c1981. |
||
| 300 | _a183p. ; | ||
| 650 |
_aEthics _vabortion _95899 |
||
| 942 |
_2ddc _cBK _03 |
||